00687nam a22001817a 450000500170000001000310001702000230004802000260007103500310009703700130012808200060014124500530014726000440020027001000024430000490034450000110039350501010040420130910154305.0 aB-515356-391 B-523500-504 a8184822588c225.00 a9788184822588c225.00 aB-515356-391 B-523500-504 bUBH/Ven. aS aTales of Revolutionaries /cedited by Anant Pai. aMumbaibAmar Chitra Kathac2011 (repr.) aKrishna House, 3rd Floor, Raghuvanshi Mill Compound, S.B. Marg, Lower Parel (W)bMumbaie400013 aVol.1022, various pages.c24cm(Hb)bcol.ill. a5-in-1 aChandrashekar Azad, Bagha Jatin, Deshbandhu Chittaranjan Das, Rash Behari Bose, A Nation Awakes